Hướng dẫn thực hành ghi chép chứng từ, sổ sách kế toán và lập báo cáo tài chính đơn vị sự nghiệp có thu /
Quy định chung về kế toán đơn vị sự nghiệp có thu; Hệ thống chứng từ kế toán đơn vị sự nghiệp có thu; Hệ thống sổ kế toán đơn vị sự nghiệp có thu; Báo có tài chính đơn vị sự nghiệp có thu; Bài tập thực hành ghi sổ kế toán và lập báo cáo tài chính đơn vị sự nghiệp có thu....
保存先:
| 第一著者: | |
|---|---|
| その他の著者: | |
| フォーマット: | 図書 |
| 言語: | Vietnamese |
| 出版事項: |
Hà Nội :
Tài chính,
2004.
|
| 主題: | |
| タグ: |
タグ追加
タグなし, このレコードへの初めてのタグを付けませんか!
|
| Thư viện lưu trữ: | Mạng thư viện Đại học Đà Nẵng |
|---|
| LEADER | 01639cam a2200373 a 4500 | ||
|---|---|---|---|
| 001 | 000044569 | ||
| 003 | 2971 | ||
| 005 | 20060426085929.0 | ||
| 008 | 010314b2004 vm 000 vie | ||
| 020 | |c 86000 | ||
| 040 | |a LRC |c LRC |d LRC | ||
| 041 | 0 | |a vie | |
| 082 | 1 | 4 | |a 657.8 |b NG-N |
| 100 | 1 | |a Nguyễn Văn Nhiệm. | |
| 245 | 1 | 0 | |a Hướng dẫn thực hành ghi chép chứng từ, sổ sách kế toán và lập báo cáo tài chính đơn vị sự nghiệp có thu / |c Nguyễn Văn Nhiệm, Nguyễn Thanh Hải. |
| 260 | |a Hà Nội : |b Tài chính, |c 2004. | ||
| 300 | |a 415 tr. ; |c 28 cm. | ||
| 520 | 3 | |a Quy định chung về kế toán đơn vị sự nghiệp có thu; Hệ thống chứng từ kế toán đơn vị sự nghiệp có thu; Hệ thống sổ kế toán đơn vị sự nghiệp có thu; Báo có tài chính đơn vị sự nghiệp có thu; Bài tập thực hành ghi sổ kế toán và lập báo cáo tài chính đơn vị sự nghiệp có thu. | |
| 630 | 0 | 4 | |a Kế toán. |
| 630 | 0 | 4 | |a Tài chính. |
| 650 | 0 | 4 | |a Kế toán |x Đơn vị sự nghiệp có thu. |
| 700 | 1 | |a Nguyễn Thanh Hải. | |
| OWN | |a DUT | ||
| AVA | |a UDN50 |b DUT |c Book |d 657.8 NG-N |e available |t Error 5001 Not defined in file expand_doc_bib_avail. |f 5 |g 0 |h N |i 0 |j SH |k 1 | ||
| 999 | |a From the UDN01 | ||
| AVA | |a UDN50 |b DUT |c Book |d 657.8 NG-N |e available |t Error 5001 Not defined in file expand_doc_bib_avail. |f 5 |g 0 |h N |i 0 |j SH |k 1 | ||
| TYP | |a Monograph | ||
| TYP | |a Printed language | ||
| 980 | |a Mạng thư viện Đại học Đà Nẵng | ||